Architecture is all over / (Record no. 607898)

000 -LEADER
fixed length control field 01107cam a22003018i 4500
001 - CONTROL NUMBER
control field 19472776
003 - CONTROL NUMBER IDENTIFIER
control field OSt
005 - DATE AND TIME OF LATEST TRANSACTION
control field 20240220143758.0
008 - FIXED-LENGTH DATA ELEMENTS--GENERAL INFORMATION
fixed length control field 170131s2017 nyu b 001 0 eng
010 ## - LIBRARY OF CONGRESS CONTROL NUMBER
LC control number 2017004037
020 ## - INTERNATIONAL STANDARD BOOK NUMBER
International Standard Book Number 9781941332306 (pbk.)
040 ## - CATALOGING SOURCE
Original cataloging agency DLC
Language of cataloging eng
Transcribing agency DLC
Description conventions rda
Modifying agency DLC
042 ## - AUTHENTICATION CODE
Authentication code pcc
050 00 - LIBRARY OF CONGRESS CALL NUMBER
Classification number NA2500
Item number .A7347 2017
082 00 - DEWEY DECIMAL CLASSIFICATION NUMBER
Classification number 720.1
Edition number 23
Author Mark ARC
245 00 - TITLE STATEMENT
Title Architecture is all over /
Statement of responsibility, etc. edited by Esther Choi and Marrikka Trotter.
260 ## - PUBLICATION, DISTRIBUTION, ETC.
Place of publication, distribution, etc. New York;
Name of publisher, distributor, etc. Columbia University;
Date of publication, distribution, etc. 2017.
300 ## - PHYSICAL DESCRIPTION
Extent 296 pages ;
Dimensions 24 cm
500 ## - GENERAL NOTE
General note Includes index.
504 ## - BIBLIOGRAPHY, ETC. NOTE
Bibliography, etc. note Includes bibliographical references (pages 288-289) and index.
650 #0 - SUBJECT ADDED ENTRY--TOPICAL TERM
Topical term or geographic name entry element Architecture
General subdivision Philosophy.
9 (RLIN) 9992
700 1# - ADDED ENTRY--PERSONAL NAME
Personal name Choi, Esther,
Relator term editor.
9 (RLIN) 120837
700 1# - ADDED ENTRY--PERSONAL NAME
Personal name Trotter, Marrikka,
Relator term editor.
9 (RLIN) 120838
906 ## - LOCAL DATA ELEMENT F, LDF (RLIN)
a 7
b cbc
c orignew
d 1
e ecip
f 20
g y-gencatlg
942 ## - ADDED ENTRY ELEMENTS (KOHA)
Source of classification or shelving scheme
Koha item type Book
Institution code [OBSOLETE] SADA
Call number prefix 720.1 ARC 2017
Holdings
Withdrawn status Lost status Source of classification or shelving scheme Damaged status Not for loan Permanent Location Current Location Date acquired Source of acquisition Total Checkouts Full call number Barcode Date last seen Cost, replacement price Price effective from Koha item type
          School of Art Design and Architecture (SADA) School of Art Design and Architecture (SADA) 08/16/2018 Golden Books   720.1 ARC 2017 SADA0002797 02/20/2024 3118.31 02/20/2024 Book
© 2023 Central Library, National University of Sciences and Technology. All Rights Reserved.